| 000 | 00705nam a2200193 a 4500 | ||
|---|---|---|---|
| 005 | 20260324064021.0 | ||
| 008 | 030624s1964 mx r 000 0 spa d | ||
| 035 | _aUPN01000126674 | ||
| 049 | _aSEP | ||
| 050 | 4 |
_aLB2000 _bS4.3 1963 |
|
| 111 | 2 |
_aSeminario de Evaluación sobre la Reforma Educativa en la Enseñanza Normal _n(4o : _d1963 : _cGuanajuato) _927949 |
|
| 245 | 1 | 0 |
_aIV seminario de evaluación : _bagosto de 1963. |
| 260 |
_aGuanajuato : _bDirección General de Enseñanza Normal, _c1964. |
||
| 300 |
_a133 p., [5] h. de láms. : _bretrs. |
||
| 650 | 4 |
_aEducación normal _vCongresos _911286 |
|
| 650 | 4 |
_aReforma educativa _91530 |
|
| 650 | 4 |
_aEducación y Estado _zMéxico _9476 |
|
| 905 | _aLibro | ||
| 999 |
_c98853 _d98853 |
||